000 00618nam a2200169 i 4500
001 27275
003 ES-MaACL
005 20230906153605.0
007 t|
008 030114s1929 sp ||||1| spa d
110 2 _aAsociación Española para el Progreso de las Ciencias.
_91705
245 1 0 _aLista de socios, Estatutos, cuentas generales /
_cAsociación Española para el Progreso de las Ciencias.
260 _aMadrid :
_b[s.n.,
_c1929] (
_fImp. Martosa)
300 _a70 p. ;
_c24 cm.
610 2 4 _aAsociación Española para el Progreso de las Ciencias-
_vListas de socios.
_9168747
852 _aES-MaACL
_j1738-F-15
999 _c27275
_d27275